000
00332nam a2200145Ia 4500
008
230312s9999||||xx |||||||||||||| ||und||
020
_a
1-906155-70-4
082
_a
720.922
_b
JOH-C
100
_a
John;Miller
245
0
_a
Custom And Innovation
260
_b
Blackdog
_a
UK
300
_a
303
650
_a
Architecture
942
_c
BK
999
_c
11995
_d
11995